Corrosion engineering (Record no. 1267)

000 -LEADER
fixed length control field 00569nam a22002177a 4500
001 - CONTROL NUMBER
control field 1267
003 - CONTROL NUMBER IDENTIFIER
control field BD-DhUET
008 - FIXED-LENGTH DATA ELEMENTS--GENERAL INFORMATION
fixed length control field 140902b xxu||||| |||| 00| 0 eng d
020 ## - INTERNATIONAL STANDARD BOOK NUMBER
International Standard Book Number 9789848725085
040 ## - CATALOGING SOURCE
Transcribing agency 0
Modifying agency BD-DhUET
082 ## - DEWEY DECIMAL CLASSIFICATION NUMBER
Classification number 620.1122
Item number NOO/2009
100 ## - MAIN ENTRY--PERSONAL NAME
Personal name Nooruddin Ahmed
245 ## - TITLE STATEMENT
Title Corrosion engineering
Remainder of title an introductory text
250 ## - EDITION STATEMENT
Edition statement 1st ed.
260 ## - PUBLICATION, DISTRIBUTION, ETC. (IMPRINT)
Place of publication, distribution, etc. Dhaka
Name of publisher, distributor, etc. N. Ahmed and I. Mahmud
Date of publication, distribution, etc. 2009
300 ## - PHYSICAL DESCRIPTION
Extent xviii, 261 p.
504 ## - BIBLIOGRAPHY, ETC. NOTE
Bibliography, etc Includes bibliographies
650 #0 - SUBJECT ADDED ENTRY--TOPICAL TERM
Topical term or geographic name as entry element Corrosion and anti-Corrosion
700 ## - ADDED ENTRY--PERSONAL NAME
Personal name Iqbal Mahmud
942 ## - ADDED ENTRY ELEMENTS (KOHA)
Koha item type General Book
Holdings
Withdrawn status Koha date last seen Price effective from Shelving location Not for loan Location (home branch) Source of classification or shelving scheme Lost status Koha out on loan Koha issues (times borrowed) Sublocation or collection (holding branch) Damaged status Date acquired Koha full call number Koha item type Koha date last borrowed Copy number Piece designation (barcode) Koha normalized classification for sorting
 2021-08-282014-09-02Circulation section Central Library, BUET   2Central Library, BUET 2014-09-02620.1122/NOO/2009General Book2021-08-288107513620_000000000000000_1122NOO200
 2021-09-062014-09-02Circulation section Central Library, BUET   25Central Library, BUET 2014-09-02620.1122/NOO/2009General Book2021-09-068107507620_000000000000000_1122NOO200
 2021-08-282014-09-02Circulation section Central Library, BUET   1Central Library, BUET 2014-09-02620.1122/NOO/2009General Book2021-08-288107508620_000000000000000_1122NOO200
 2021-08-282014-09-02Circulation section Central Library, BUET   1Central Library, BUET 2014-09-02620.1122/NOO/2009General Book2021-08-28 107506620_000000000000000_1122NOO200
 2021-08-282014-09-02Circulation section Central Library, BUET   1Central Library, BUET 2014-09-02620.1122/NOO/2009General Book2021-08-28 107512620_000000000000000_1122NOO200
 2025-12-012014-09-02Circulation section Central Library, BUET  2025-12-155Central Library, BUET 2014-09-02620.1122/NOO/2009General Book2025-12-01 107509620_000000000000000_1122NOO200
 2024-10-212014-09-02Circulation section Central Library, BUET   38Central Library, BUET 2014-09-02620.1122/NOO/2009General Book2024-10-21 107505620_000000000000000_1122NOO200
 2021-08-282014-09-02Circulation section Central Library, BUET   1Central Library, BUET 2014-09-02620.1122/NOO/2009General Book2021-08-28 107511620_000000000000000_1122NOO200
 2021-08-282014-09-02Circulation section Central Library, BUET   1Central Library, BUET 2014-09-02620.1122/NOO/2009General Book2021-08-28 107504620_000000000000000_1122NOO200
 2021-08-282018-04-28Circulation section Central Library, BUET   1Central Library, BUET 2010-01-13620.1122/NOO/2009General Book2021-08-281107510620_112200000000000_NOO_2009